[Event "MrDodgy Inv 3 GpB"]
[Site "chess24.com INT"]
[Date "2022.11.26"]
[Round "1.1"]
[White "Eljanov, Pavel"]
[Black "Trent, Lawrence"]
[Result "0-1"]
[WhiteTitle "GM"]
[BlackTitle "IM"]
[WhiteElo "2706"]
[BlackElo "2402"]
[WhiteFideId "14102951"]
[BlackFideId "408638"]
[EventDate "2022.11.26"]

1. e4 e6 2. d4 d5 3. Nc3 Nc6 4. e5 f6 5. exf6 Nxf6 6. Nf3 Bd6 7. Bb5 O-O 8. O-O
Ne4 9. Bd3 Nxc3 10. bxc3 h6 11. Re1 Qf6 12. Qe2 Bd7 13. Ne5 Bxe5 14. dxe5 Qf7
15. Ba3 Rfe8 16. Qg4 Ne7 17. Bxe7 Qxe7 18. Qg6 Qg5 19. Qh7+ Kf7 20. f4 Qg4 21.
h3 Qg3 22. Rf1 Rh8 23. Rf3 Rxh7 24. Rxg3 Rhh8 25. Bg6+ Ke7 26. Re3 c5 27. g4
Rhf8 28. Rf1 Bb5 29. Rf2 Bc4 30. a3 b5 31. f5 a5 32. Ref3 b4 33. axb4 cxb4 34.
f6+ gxf6 35. Rxf6 Rxf6 36. exf6+ Kf8 37. cxb4 a4 38. Rf1 Bxf1 0-1

[Event "MrDodgy Inv 3 GpB"]
[Site "chess24.com INT"]
[Date "2022.11.26"]
[Round "1.2"]
[White "Sevian, Samuel"]
[Black "Royal, Shreyas"]
[Result "1-0"]
[WhiteTitle "GM"]
[BlackTitle "FM"]
[WhiteElo "2687"]
[BlackElo "2435"]
[WhiteFideId "2040506"]
[BlackFideId "448869"]
[EventDate "2022.11.26"]

1. c4 Nf6 2. Nc3 e5 3. g3 Bb4 4. Bg2 O-O 5. Nf3 e4 6. Ng5 Bxc3 7. bxc3 Re8 8. f3
exf3 9. Nxf3 Nc6 10. O-O d6 11. d3 Rb8 12. e4 Ne5 13. Nd4 Bg4 14. Qc2 c5 15. Nf5
Bxf5 16. Rxf5 Qc8 17. a4 Nfd7 18. Bd2 Nf8 19. Raf1 f6 20. h4 a6 21. h5 h6 22. a5
Nh7 23. Rb1 Qc7 24. Bf1 Ng5 25. Bxg5 fxg5 26. d4 Nc6 27. Rd1 Nxa5 28. Rd5 b5 29.
cxb5 axb5 30. dxc5 dxc5 31. e5 Nc4 32. Bxc4 bxc4 33. Qe4 Qf7 34. Rf1 Qxh5 35.
Qxc4 Kh8 36. Qa2 Qh3 37. Qg2 Qxg2+ 38. Kxg2 Rb2+ 39. Kg1 Re2 40. Rxc5 R2xe5 41.
Rxe5 Rxe5 42. Rc1 Rc5 43. Kf2 Kg8 44. Ke3 Kf7 45. Kd4 Rc8 46. c4 Ke6 47. Re1+
Kd6 48. Ra1 Rc7 49. Ra6+ Ke7 50. c5 Rb7 51. Ke5 Rb1 52. Ra7+ Kf8 53. c6 Ke8 54.
Ra8+ Ke7 55. c7 1-0

[Event "MrDodgy Inv 3 GpB"]
[Site "chess24.com INT"]
[Date "2022.11.26"]
[Round "1.3"]
[White "Svidler, Peter"]
[Black "Tang, Andrew"]
[Result "1/2-1/2"]
[WhiteTitle "GM"]
[BlackTitle "GM"]
[WhiteElo "2683"]
[BlackElo "2539"]
[WhiteFideId "4102142"]
[BlackFideId "2059630"]
[EventDate "2022.11.26"]

1. e4 e5 2. Nf3 Nc6 3. Bb5 g6 4. d4 exd4 5. Bg5 Be7 6. Bxe7 Qxe7 7. Bxc6 dxc6 8.
Qxd4 Nf6 9. Nc3 Bg4 10. Nd2 c5 11. Qe3 O-O-O 12. f3 Be6 13. O-O-O b6 14. Rhe1
Kb8 15. Nf1 Bc8 16. Rxd8 Rxd8 17. Rd1 Rxd1+ 18. Nxd1 Qe5 19. Qc3 Qg5+ 20. Qd2
Qe5 21. Nde3 Be6 22. a3 Kc8 23. Qe1 h6 24. Qh4 Nh5 25. Qf2 g5 26. g3 Nf6 27. Nd2
Qd4 28. Nd1 Nd7 29. f4 Nf6 30. fxg5 hxg5 31. Nf3 Qc4 32. Nxg5 Nxe4 33. Nxe4 Qxe4
34. h4 Qh1 35. Kd2 Qd5+ 36. Kc1 Qh1 37. Kd2 Qd5+ 38. Kc1 Qh1 1/2-1/2

[Event "MrDodgy Inv 3 GpB"]
[Site "chess24.com INT"]
[Date "2022.11.26"]
[Round "1.5"]
[White "Salem, A.R. Saleh"]
[Black "Lagarde, Maxime"]
[Result "0-1"]
[WhiteTitle "GM"]
[BlackTitle "GM"]
[WhiteElo "2677"]
[BlackElo "2573"]
[WhiteFideId "9301348"]
[BlackFideId "662399"]
[EventDate "2022.11.26"]

1. d4 Nf6 2. c4 b6 3. Nc3 Bb7 4. Nf3 g6 5. Qc2 Bg7 6. e4 O-O 7. Be2 d6 8. O-O
Nc6 9. d5 Nb4 10. Qd1 a5 11. Bg5 h6 12. Be3 Na6 13. Nd4 Nc5 14. Qc2 e5 15. Ndb5
Bc8 16. h3 Nh7 17. a3 a4 18. Bxc5 bxc5 19. Nxa4 f5 20. Nac3 Ng5 21. a4 f4 22. f3
Bxh3 23. Rfb1 Bd7 24. Bf1 h5 25. a5 Ra6 26. b4 Rf7 27. bxc5 dxc5 28. Qf2 Bf8 29.
Na4 Rxa5 30. Nxc5 Rxa1 31. Rxa1 Bxb5 32. cxb5 Bxc5 33. Qxc5 h4 34. d6 cxd6 35.
Qc6 Kg7 36. b6 h3 37. Ra8 Nxf3+ 38. gxf3 Qg5+ 39. Kf2 h2 40. Bg2 Qh4+ 41. Ke2
h1=Q 42. Bxh1 Qxh1 43. Qe8 Qg2+ 44. Ke1 Qg1+ 45. Kd2 Qf2+ 46. Kc3 Qxf3+ 47. Kb2
Qf2+ 48. Ka3 Qe3+ 49. Ka2 Qd2+ 50. Ka3 Qc3+ 51. Ka2 Qc4+ 52. Ka3 Kh6 53. Qd8
Qc5+ 54. Ka4 Qc4+ 55. Ka5 Qa2+ 56. Kb5 Qb3+ 57. Ka5 Kh5 0-1

[Event "MrDodgy Inv 3 GpB"]
[Site "chess24.com INT"]
[Date "2022.11.26"]
[Round "1.6"]
[White "Cori, Jorge"]
[Black "Paravyan, David"]
[Result "1-0"]
[WhiteTitle "GM"]
[BlackTitle "GM"]
[WhiteElo "2651"]
[BlackElo "2586"]
[WhiteFideId "3802272"]
[BlackFideId "4194985"]
[EventDate "2022.11.26"]

1. d4 Nf6 2. Nf3 g6 3. Bf4 Bg7 4. Nc3 d5 5. e3 O-O 6. h4 h5 7. Be2 c5 8. dxc5
Nc6 9. O-O Qa5 10. Nb5 Bg4 11. c3 Bxf3 12. gxf3 Rfc8 13. b4 Qd8 14. Bg3 Ne8 15.
Qd2 a6 16. Nd4 Bf6 17. Kg2 e5 18. Nxc6 bxc6 19. c4 Nc7 20. Rh1 Qe7 21. Rad1 Rd8
22. Qc2 Kg7 23. a3 Rab8 24. f4 a5 25. bxa5 Ra8 26. Qa4 exf4 27. Bxf4 Be5 28.
Bxe5+ Qxe5 29. Bf3 Ra6 30. cxd5 Nxd5 31. Rd4 Rda8 32. Bxd5 cxd5 33. Qb3 Rxa5 34.
Rc1 Rxa3 35. Qxd5 Qf6 36. Rf4 Qe7 37. c6 Rc8 38. Rcc4 Ra7 39. Qd4+ Kg8 40. Qd5
Rac7 41. Rc5 Kg7 42. Rfc4 Qf6 43. Qd4 Rd8 44. Qxf6+ Kxf6 45. Kf3 Rd6 46. Ke4 Ke7
47. Kf4 Rf6+ 48. Ke4 Rxf2 49. Rb4 Kd6 50. Rbc4 f5+ 51. Kd3 Rf1 52. Rc2 Rd1+ 53.
Ke2 Rd5 54. R5c4 Ke6 55. Kf3 Kd6 56. Kf4 Re5 57. R2c3 Rd5 58. Kg5 f4+ 59. Kxf4
Rf5+ 60. Kg3 Re5 61. Rd4+ Ke6 62. Rf4 Rd5 63. Rf3 Re5 64. e4 Rf5 65. exf5+ gxf5
66. Rfe3+ Kd5 67. Kf4 Kd4 68. Red3# 1-0

[Event "MrDodgy Inv 3 GpB"]
[Site "chess24.com INT"]
[Date "2022.11.26"]
[Round "1.7"]
[White "Shevchenko, Kirill"]
[Black "Grachev, Boris"]
[Result "0-1"]
[WhiteTitle "GM"]
[BlackTitle "GM"]
[WhiteElo "2649"]
[BlackElo "2593"]
[WhiteFideId "14129574"]
[BlackFideId "4129199"]
[EventDate "2022.11.26"]

1. e4 c5 2. c3 e6 3. d4 d5 4. e5 Nc6 5. Nf3 Bd7 6. Bd3 cxd4 7. O-O Rc8 8. cxd4
Nb4 9. Nc3 Nxd3 10. Qxd3 Ne7 11. h4 Nf5 12. h5 Be7 13. g4 Nh6 14. Nh2 Qb6 15. b3
Bb4 16. Na4 Qa6 17. Qf3 Rc2 18. Bxh6 gxh6 19. Qf6 Rg8 20. Qxh6 Qd3 21. Nc5 Qxd4
22. Nxd7 Kxd7 23. Qxh7 Rxg4+ 24. Nxg4 Qxg4+ 25. Kh1 Qf3+ 26. Kg1 Qg4+ 27. Kh1
Rc3 28. Qxf7+ Be7 29. f3 Qh3+ 30. Kg1 Qg3+ 31. Kh1 Rc2 0-1

[Event "MrDodgy Inv 3 GpB"]
[Site "chess24.com INT"]
[Date "2022.11.26"]
[Round "1.8"]
[White "Iturrizaga Bonelli, Eduardo"]
[Black "Fressinet, Laurent"]
[Result "0-1"]
[WhiteTitle "GM"]
[BlackTitle "GM"]
[WhiteElo "2636"]
[BlackElo "2622"]
[WhiteFideId "3901211"]
[BlackFideId "608742"]
[EventDate "2022.11.26"]

1. c4 Nf6 2. g3 e6 3. Bg2 d5 4. Nf3 Be7 5. O-O O-O 6. d4 c6 7. Qc2 b6 8. b3 a5
9. Nc3 Ba6 10. Rd1 Nbd7 11. Ne5 Rc8 12. e4 b5 13. Nxd7 Nxd7 14. c5 b4 15. Ne2
dxe4 16. Bxe4 h6 17. a3 Nf6 18. Bf3 Nd5 19. axb4 Bxe2 20. Bxe2 axb4 21. Bd2 Bf6
22. Be1 Ra8 23. Qc4 Qd7 24. Bf3 Rxa1 25. Rxa1 Rd8 26. Ra6 Qb7 27. Ra4 Rb8 28.
Kg2 Qb5 29. Qxb5 Rxb5 30. Ra8+ Kh7 31. Ra7 Bxd4 32. Rxf7 Bc3 33. Kf1 Rxc5 34.
Be4+ Kg8 35. Rb7 g5 36. Bg6 Bxe1 37. Kxe1 Rc3 38. Bf7+ Kf8 39. Bxe6 Rxb3 40.
Bxd5 cxd5 41. Rb5 d4 42. Rd5 d3 43. Kd2 Ke7 44. Rxd3 Rb2+ 45. Ke3 b3 46. Rd5 Rb1
47. Rb5 Kd6 48. Kf3 Kc6 49. Rb8 h5 50. h4 gxh4 51. gxh4 Kc5 52. Kf4 Kc4 53. Kg5
Rf1 54. Kxh5 Rxf2 55. Kg6 Rg2+ 56. Kh6 Kc3 57. h5 Rg4 58. Kh7 Rb4 59. Rc8+ Kd3
60. Rd8+ Ke4 61. Re8+ Kf5 62. Re1 b2 63. Rb1 Kg5 64. h6 Rb7+ 65. Kg8 Kxh6 0-1

[Event "MrDodgy Inv 3 GpB"]
[Site "chess24.com INT"]
[Date "2022.11.26"]
[Round "2.1"]
[White "Trent, Lawrence"]
[Black "Fressinet, Laurent"]
[Result "0-1"]
[WhiteTitle "IM"]
[BlackTitle "GM"]
[WhiteElo "2402"]
[BlackElo "2622"]
[WhiteFideId "408638"]
[BlackFideId "608742"]
[EventDate "2022.11.26"]

1. Nc3 Nf6 2. g4 d5 3. g5 Ne4 4. d3 Nxc3 5. bxc3 Nc6 6. Nf3 g6 7. h4 Bg7 8. d4
Bg4 9. Bf4 O-O 10. Bh3 Bxf3 11. exf3 e5 12. Be3 Re8 13. Kf1 exd4 14. cxd4 Na5
15. Kg2 Qd6 16. Qd3 Nc4 17. Rae1 c6 18. Bc1 Qb4 19. c3 Qa5 20. Rxe8+ Rxe8 21.
Qc2 Bf8 22. f4 Ba3 23. f5 Bxc1 24. Rxc1 Qc7 25. fxg6 hxg6 26. Rb1 b5 27. Qc1 Re4
28. a4 bxa4 29. f3 Re2+ 30. Kf1 Qh2 0-1

[Event "MrDodgy Inv 3 GpB"]
[Site "chess24.com INT"]
[Date "2022.11.26"]
[Round "2.2"]
[White "Grachev, Boris"]
[Black "Iturrizaga Bonelli, Eduardo"]
[Result "0-1"]
[WhiteTitle "GM"]
[BlackTitle "GM"]
[WhiteElo "2593"]
[BlackElo "2636"]
[WhiteFideId "4129199"]
[BlackFideId "3901211"]
[EventDate "2022.11.26"]

1. d4 Nf6 2. Nf3 c5 3. d5 d6 4. c4 b5 5. Nbd2 bxc4 6. e4 g6 7. Bxc4 Bg7 8. O-O
O-O 9. Re1 Nbd7 10. Qc2 Nb6 11. Rb1 a5 12. a4 Nxc4 13. Nxc4 e6 14. dxe6 Bxe6 15.
Ng5 d5 16. Nxe6 fxe6 17. exd5 exd5 18. Ne5 Ne4 19. Nf3 Ra7 20. Be3 Raf7 21. Rbd1
Qa8 22. Bc1 h6 23. Re2 Kh7 24. h3 Qc6 25. Qd3 Rf5 26. Rf1 Qxa4 27. Nd2 c4 28.
Qe3 Nxd2 29. Bxd2 d4 30. Qg3 Qb5 31. Re7 R8f7 32. Rfe1 Qxb2 33. R1e6 g5 34. Qc7
Qxd2 35. Rxf7 Qxf2+ 36. Kh2 Rxf7 37. Qxc4 Qf4+ 38. Kg1 Rc7 39. Qd3+ Kg8 40. Re8+
Kf7 41. Re1 Rc1 42. Qb3+ Kg6 43. Qd3+ Kh5 44. Qe2+ Kh4 45. Rxc1 Qxc1+ 46. Kh2
Qf4+ 47. Kh1 Qc1+ 48. Kh2 Be5+ 49. g3+ Bxg3+ 50. Kg2 Qc6+ 51. Qf3 Qxf3+ 0-1

[Event "MrDodgy Inv 3 GpB"]
[Site "chess24.com INT"]
[Date "2022.11.26"]
[Round "2.3"]
[White "Paravyan, David"]
[Black "Shevchenko, Kirill"]
[Result "0-1"]
[WhiteTitle "GM"]
[BlackTitle "GM"]
[WhiteElo "2586"]
[BlackElo "2649"]
[WhiteFideId "4194985"]
[BlackFideId "14129574"]
[EventDate "2022.11.26"]

1. e4 c5 2. Nf3 Nc6 3. Nc3 d6 4. d4 cxd4 5. Nxd4 Nf6 6. Bg5 Bd7 7. Nxc6 bxc6 8.
Bc4 h6 9. Bxf6 exf6 10. Qh5 g6 11. Qe2 Be7 12. O-O O-O 13. Rad1 Kg7 14. Kh1 f5
15. exf5 Bxf5 16. Rfe1 Bf6 17. Bd3 Qd7 18. Bxf5 Qxf5 19. Ne4 Bxb2 20. Nxd6 Qc5
21. c3 Bxc3 22. Qc2 Bb4 23. Qb2+ Bc3 24. Qc1 Bb4 25. Qa1+ Qc3 26. Qxc3+ Bxc3 27.
Re3 Bb4 28. Nc4 Rfd8 29. Rb1 Bc5 30. Rf3 Rab8 31. Rc1 Rd5 32. g3 Re8 33. Rc2 Bd4
34. Kg2 c5 35. Ra3 Re7 36. Ra6 h5 37. h4 Rb7 38. Rd2 Rb4 39. Ne3 Rd7 40. a3 Rb6
41. Ra4 Rdb7 42. Nc4 Rf6 43. Re2 a6 44. Ra5 Rb3 45. Rc2 Rbf3 46. Kh3 Bxf2 47.
Nd2 Rxg3+ 48. Kh2 Rg4 49. Rc4 Bd4 50. Kh3 Rf2 51. Rc2 Be5 52. Nf3 Rxf3# 0-1

[Event "MrDodgy Inv 3 GpB"]
[Site "chess24.com INT"]
[Date "2022.11.26"]
[Round "2.4"]
[White "Lagarde, Maxime"]
[Black "Cori, Jorge"]
[Result "1/2-1/2"]
[WhiteTitle "GM"]
[BlackTitle "GM"]
[WhiteElo "2573"]
[BlackElo "2651"]
[WhiteFideId "662399"]
[BlackFideId "3802272"]
[EventDate "2022.11.26"]

1. b3 e5 2. Bb2 Nc6 3. e3 d6 4. Bb5 Bd7 5. Ne2 Nf6 6. O-O a6 7. Bxc6 Bxc6 8. f4
exf4 9. Nxf4 Be7 10. Nc3 Qd7 11. Nce2 O-O-O 12. Nd4 Rhf8 13. a4 Be4 14. d3 Bg6
15. e4 Ng4 16. Nd5 Bg5 17. b4 Ne3 18. Nxe3 Bxe3+ 19. Kh1 Bxd4 20. Bxd4 f5 21.
exf5 Rxf5 22. Rxf5 Bxf5 23. b5 axb5 24. axb5 Qxb5 25. Ra8+ Kd7 26. Rxd8+ Kxd8
27. Bxg7 Qd5 28. Qh5 b5 29. h3 Kd7 30. Qh4 Qe6 31. Qf4 Qd5 32. Kh2 Bg6 33. Bf6
Qc5 34. Qd2 Qf5 35. Bh4 Qf1 36. Qg5 Qe2 37. Qxb5+ Kc8 38. Qa6+ Kd7 39. Qa4+ Kc8
40. Bg3 Bf7 41. Qc6 Qe7 42. Qa8+ Kd7 43. Qa4+ Kc8 44. Qd4 Bg6 45. Qg4+ Qd7 46.
Qf3 Qf5 47. Qa8+ Kd7 48. Qa4+ Kc8 49. Qc4 Kd7 50. Qa4+ Kc8 51. Qc6 Qe6 52. c4
Bxd3 53. c5 Be4 54. Qa6+ Bb7 55. Qf1 dxc5 56. Qf8+ Kd7 57. Qxc5 Qe4 58. Qxc7+
Ke8 59. Qb8+ Kd7 60. Qd6+ Ke8 61. Qd2 Bd5 62. Bd6 Kd7 63. Bg3 Ke8 64. Bf4 Kd7
65. Qf2 Ke6 66. Qg3 Qg6 67. Qe3+ Qe4 68. Qg3 Qg6 69. Qf2 Qe4 70. Bg3 Kd7 71. Qb2
Ke6 72. Qb6+ Kf7 73. Qc7+ Ke8 74. Qc8+ Kf7 75. Qd7+ Kg6 76. Qd6+ Kh5 77. Qe5+
Qxe5 78. Bxe5 Kg6 79. g4 h5 80. Kg3 hxg4 81. hxg4 Be6 82. Bf4 Bxg4 83. Kxg4 1/2-1/2

[Event "MrDodgy Inv 3 GpB"]
[Site "chess24.com INT"]
[Date "2022.11.26"]
[Round "2.5"]
[White "Muradli, Mahammad"]
[Black "Salem, A.R. Saleh"]
[Result "1-0"]
[WhiteTitle "GM"]
[BlackTitle "GM"]
[WhiteElo "2540"]
[BlackElo "2677"]
[WhiteFideId "13409301"]
[BlackFideId "9301348"]
[EventDate "2022.11.26"]

1. c4 g6 2. Nc3 Bg7 3. d4 Nf6 4. e4 O-O 5. h3 d6 6. Be3 e5 7. d5 Nbd7 8. g4 Nc5
9. f3 a5 10. Nge2 c6 11. Ng3 a4 12. Be2 cxd5 13. cxd5 Qa5 14. Rb1 Bd7 15. Kf2 b5
16. Qd2 b4 17. Nd1 Rfc8 18. Kg2 b3 19. Qxa5 bxa2 20. Ra1 Rxa5 21. Rxa2 Nb3 22.
Bd3 Nc1 23. Bxc1 Rxc1 24. Nc3 Rxh1 25. Nxh1 Bh6 26. Bc2 Bd2 27. Nxa4 Bb5 28. Nf2
Nd7 29. b3 Nc5 30. Rb2 Kg7 31. Nxc5 dxc5 32. Bd3 Bc3 33. Rc2 Bd4 34. Bxb5 Rxb5
35. Nd3 Kf6 36. Kg3 g5 37. Nc1 Be3 38. Rc3 Bd4 39. Rc4 Be3 40. Kg2 Ke7 41. Nd3
Kd6 42. b4 cxb4 43. Nxb4 Bd4 44. Kg3 Ra5 45. Nc6 Rc5 46. Rxc5 Bxc5 47. h4 h6 48.
h5 Bb6 49. Kg2 Bc7 50. Kf2 Kc5 51. Ne7 Bd6 52. Nf5 Bf8 53. Ke3 Kb5 54. Kd3 Kc5
55. Kc3 Kb5 56. Kb3 f6 57. Kb2 Kc5 58. Kc3 Kb5 59. Kb3 Kc5 60. Ka4 Kb6 61. d6
Kc6 62. Ka5 Bxd6 63. Nxh6 Kc5 64. Nf5 Bf8 65. h6 Bxh6 66. Nxh6 Kd4 67. Ng8 Ke3
68. Nxf6 Kxf3 69. Kb5 1-0

[Event "MrDodgy Inv 3 GpB"]
[Site "chess24.com INT"]
[Date "2022.11.26"]
[Round "2.7"]
[White "Royal, Shreyas"]
[Black "Svidler, Peter"]
[Result "0-1"]
[WhiteTitle "FM"]
[BlackTitle "GM"]
[WhiteElo "2435"]
[BlackElo "2683"]
[WhiteFideId "448869"]
[BlackFideId "4102142"]
[EventDate "2022.11.26"]

1. d4 Nf6 2. c4 g6 3. Nc3 d5 4. cxd5 Nxd5 5. e4 Nxc3 6. bxc3 Bg7 7. Bc4 c5 8.
Ne2 Nc6 9. Be3 O-O 10. O-O Bg4 11. f3 Bd7 12. Rb1 Qc7 13. Qd2 Rfd8 14. Rfd1 Rac8
15. h4 Be8 16. Qe1 cxd4 17. cxd4 Nxd4 18. Bxf7+ Bxf7 19. Bxd4 Bxd4+ 20. Nxd4
Bxa2 21. Ra1 Qc5 22. Rxa2 Rxd4 23. Kh2 Qd6+ 0-1

[Event "MrDodgy Inv 3 GpB"]
[Site "chess24.com INT"]
[Date "2022.11.26"]
[Round "2.8"]
[White "Eljanov, Pavel"]
[Black "Sevian, Samuel"]
[Result "1-0"]
[WhiteTitle "GM"]
[BlackTitle "GM"]
[WhiteElo "2706"]
[BlackElo "2687"]
[WhiteFideId "14102951"]
[BlackFideId "2040506"]
[EventDate "2022.11.26"]

1. c4 e5 2. Nc3 Nf6 3. Nf3 Nc6 4. e4 d6 5. d4 Bg4 6. d5 Nd4 7. Be2 Nxe2 8. Qxe2
c5 9. dxc6 bxc6 10. h3 Bc8 11. O-O Nd7 12. Rd1 Qc7 13. Nh4 Nc5 14. Be3 Ne6 15.
b4 g6 16. Nf3 Be7 17. Bh6 g5 18. c5 dxc5 19. bxc5 Rg8 20. Nd5 cxd5 21. exd5 Nf4
22. Qb5+ Bd7 23. c6 Bc8 24. Bxg5 Rb8 25. Qa4 Rb4 26. Qc2 Nxh3+ 27. gxh3 Bxg5 28.
Qxh7 Kf8 29. Kh1 Qd6 30. Nxg5 Rxg5 31. Rg1 Qxd5+ 32. Kh2 Rxg1 33. Rxg1 Ke7 34.
Qh8 Rf4 35. Rg2 Rf6 36. Qxc8 Qxc6 37. Qxc6 Rxc6 38. h4 Rh6 39. Kg3 Ke6 40. Rh2
f5 41. h5 Kf6 42. Kh4 e4 43. Rg2 Ke5 44. Rg8 Rh8 45. Rxh8 Kf4 46. Re8 Kf3 47. h6
e3 48. h7 exf2 49. h8=Q f1=Q 50. Qc3+ Kg2 51. Qg3+ Kh1 52. Re1 Qxe1 53. Qxe1+
Kh2 54. Qe2+ Kg1 55. Kh3 f4 56. Qg2# 1-0

[Event "MrDodgy Inv 3 GpB"]
[Site "chess24.com INT"]
[Date "2022.11.26"]
[Round "3.1"]
[White "Sevian, Samuel"]
[Black "Trent, Lawrence"]
[Result "1-0"]
[WhiteTitle "GM"]
[BlackTitle "IM"]
[WhiteElo "2687"]
[BlackElo "2402"]
[WhiteFideId "2040506"]
[BlackFideId "408638"]
[EventDate "2022.11.26"]

1. d4 Nf6 2. c4 e6 3. Nf3 d5 4. e3 b6 5. Nc3 Bb7 6. b3 Bb4 7. Bd2 O-O 8. a3 Bd6
9. Bd3 a6 10. O-O Nbd7 11. cxd5 exd5 12. b4 Ne4 13. Ne2 Qf6 14. Ng3 Rae8 15. Rc1
Re6 16. Bc3 Rfe8 17. Bb2 Nxg3 18. hxg3 Qh6 19. Bf5 R6e7 20. Nh2 g6 21. Ng4 Qg7
22. Bxd7 Rxd7 23. Qb3 f6 24. a4 h5 25. Nh2 Qh6 26. Nf3 g5 27. b5 a5 28. Ba3 Bxa3
29. Qxa3 h4 30. g4 h3 31. g3 h2+ 32. Kh1 Qh3 33. Qd3 Re4 34. Nd2 Re6 35. Qf5
Rde7 36. Rxc7 Rxc7 37. Qxe6+ Rf7 38. Rc1 Kg7 39. Nf3 Qh7 40. Qxf7+ Kxf7 41. Rc7+
Kg6 42. Rxh7 Kxh7 43. Nxh2 Bc8 44. f3 f5 45. Kg2 fxg4 46. Nxg4 Bf5 47. Nf6+ 1-0

[Event "MrDodgy Inv 3 GpB"]
[Site "chess24.com INT"]
[Date "2022.11.26"]
[Round "3.2"]
[White "Svidler, Peter"]
[Black "Eljanov, Pavel"]
[Result "1/2-1/2"]
[WhiteTitle "GM"]
[BlackTitle "GM"]
[WhiteElo "2683"]
[BlackElo "2706"]
[WhiteFideId "4102142"]
[BlackFideId "14102951"]
[EventDate "2022.11.26"]

1. c4 Nf6 2. Nc3 e5 3. g3 Bb4 4. Bg2 O-O 5. e4 Bxc3 6. bxc3 Re8 7. d3 c6 8. Ne2
d5 9. cxd5 cxd5 10. exd5 Nxd5 11. O-O Nc6 12. Qb3 Nb6 13. Rd1 Bg4 14. f3 Be6 15.
Qb1 Qd7 16. Be3 Nd5 17. Bf2 b6 18. Qb2 h5 19. c4 Nde7 20. d4 exd4 21. Nxd4 Nxd4
22. Bxd4 Rad8 23. Bxg7 Qxd1+ 24. Rxd1 Rxd1+ 25. Kf2 Nf5 26. Be5 Red8 27. Bf4
Bxc4 28. Bh3 Re8 29. Be5 Red8 30. Bf4 Re8 31. Be5 Red8 32. Bf4 1/2-1/2

[Event "MrDodgy Inv 3 GpB"]
[Site "chess24.com INT"]
[Date "2022.11.26"]
[Round "3.4"]
[White "Salem, A.R. Saleh"]
[Black "Tang, Andrew"]
[Result "0-1"]
[WhiteTitle "GM"]
[BlackTitle "GM"]
[WhiteElo "2677"]
[BlackElo "2539"]
[WhiteFideId "9301348"]
[BlackFideId "2059630"]
[EventDate "2022.11.26"]

1. d4 d5 2. c4 e6 3. Nc3 Be7 4. cxd5 exd5 5. Bf4 c6 6. e3 Bf5 7. Nge2 Nd7 8. Ng3
Bg6 9. Bd3 Bxd3 10. Qxd3 g5 11. Be5 f6 12. f4 fxe5 13. fxe5 Nf8 14. O-O Qd7 15.
Nf5 Ne6 16. b4 O-O-O 17. b5 c5 18. b6 a6 19. e4 Nf4 20. Rxf4 gxf4 21. Nxd5 Kb8
22. Rc1 Qe6 23. dxc5 Rc8 24. Nd6 Bxd6 25. exd6 Nf6 26. Nxf6 Qxf6 27. d7 Rc6 28.
e5 Qe7 29. Qd4 Rd8 30. Qxf4 Re6 31. c6 bxc6 32. b7 Qxd7 33. h3 Qd4+ 34. Qxd4
Rxd4 0-1

[Event "MrDodgy Inv 3 GpB"]
[Site "chess24.com INT"]
[Date "2022.11.26"]
[Round "3.5"]
[White "Cori, Jorge"]
[Black "Muradli, Mahammad"]
[Result "0-1"]
[WhiteTitle "GM"]
[BlackTitle "GM"]
[WhiteElo "2651"]
[BlackElo "2540"]
[WhiteFideId "3802272"]
[BlackFideId "13409301"]
[EventDate "2022.11.26"]

1. c4 g6 2. Nc3 Bg7 3. Nf3 d6 4. g3 Nf6 5. Bg2 O-O 6. O-O c5 7. Rb1 Nc6 8. d3 d5
9. Bg5 d4 10. Bxf6 exf6 11. Nd5 Be6 12. Nd2 Ne7 13. Nxe7+ Qxe7 14. a3 Rad8 15.
b4 b6 16. bxc5 Qxc5 17. Qa4 Qe7 18. Rfe1 f5 19. Qb4 Qc7 20. a4 Rfe8 21. Ra1 Bf8
22. Qb5 Bd7 23. Qb2 a5 24. Qa2 Bb4 25. Bd5 Re7 26. Nf3 Bxe1 27. Rxe1 Bc6 28.
Nxd4 Bxd5 29. cxd5 Qc3 30. Nf3 Red7 31. Rb1 Rxd5 32. Rxb6 R5d7 33. h4 Kg7 34.
Rb5 Re7 35. d4 Rc8 36. Kg2 Qc1 37. Re5 Rc2 38. Qb3 Rxe2 39. Rxe2 Rxe2 40. Ne5
Qc7 41. Qb5 Re4 42. Qd5 h5 43. Nf3 Re2 44. Ne5 Rc2 45. Qb3 Rc3 46. Qd5 Qe7 47.
Qxa5 Qb7+ 48. Kh2 Rc1 49. d5 Qb1 50. Qa7 Rh1+ 51. Kg2 Qf1+ 52. Kf3 Qd1+ 53. Kg2
Qxd5+ 54. f3 Re1 0-1

[Event "MrDodgy Inv 3 GpB"]
[Site "chess24.com INT"]
[Date "2022.11.26"]
[Round "3.6"]
[White "Shevchenko, Kirill"]
[Black "Lagarde, Maxime"]
[Result "1-0"]
[WhiteTitle "GM"]
[BlackTitle "GM"]
[WhiteElo "2649"]
[BlackElo "2573"]
[WhiteFideId "14129574"]
[BlackFideId "662399"]
[EventDate "2022.11.26"]

1. e4 e5 2. Nf3 Nc6 3. Bb5 f5 4. Nc3 fxe4 5. Nxe4 Nf6 6. Qe2 d5 7. Nxf6+ gxf6 8.
d4 Bg7 9. O-O O-O 10. dxe5 Bg4 11. Bxc6 bxc6 12. e6 Qd6 13. h3 Qxe6 14. Qxe6+
Bxe6 15. Be3 a5 16. Rfe1 Kf7 17. Bc5 Rfe8 18. Nd4 Bd7 19. a4 f5 20. Kf1 Re4 21.
c3 Rae8 22. f3 Rxe1+ 23. Rxe1 Rxe1+ 24. Kxe1 Bxd4 25. cxd4 Bc8 26. Kd2 Ba6 27.
Ke3 Bf1 28. Kf2 Bc4 29. b4 axb4 30. Bxb4 Bb3 31. a5 Bc4 32. Ke3 Bf1 33. Kf4 Ke6
34. g4 fxg4 35. hxg4 Kf6 36. Be1 h6 37. Bb4 Ba6 38. Bf8 Kg6 39. Ke5 Be2 40. Kf4
h5 41. gxh5+ Kxh5 42. Ke5 Kg6 43. Ke6 Bxf3 44. Kd7 Be2 45. Kxc7 Kf7 46. Bc5 Ke6
47. Kb7 1-0

[Event "MrDodgy Inv 3 GpB"]
[Site "chess24.com INT"]
[Date "2022.11.26"]
[Round "3.7"]
[White "Iturrizaga Bonelli, Eduardo"]
[Black "Paravyan, David"]
[Result "1-0"]
[WhiteTitle "GM"]
[BlackTitle "GM"]
[WhiteElo "2636"]
[BlackElo "2586"]
[WhiteFideId "3901211"]
[BlackFideId "4194985"]
[EventDate "2022.11.26"]

1. c4 Nf6 2. g3 e5 3. Bg2 d5 4. cxd5 Nxd5 5. Nf3 Bd6 6. O-O O-O 7. d3 h6 8. b3
c5 9. Bb2 Nc6 10. Nbd2 Re8 11. a3 Bg4 12. Rc1 Rc8 13. e3 Nf6 14. Qe2 Qd7 15.
Rfd1 b6 16. Ne4 Be7 17. Qc2 Qe6 18. Re1 Red8 19. Nfd2 Bh3 20. Bh1 Nd5 21. Nc4 f5
22. Nc3 Nxc3 23. Bxc3 Bf6 24. a4 Rd7 25. f4 exf4 26. exf4 Qf7 27. Bxf6 Qxf6 28.
Bxc6 Rxc6 29. Ne5 Rcd6 30. Nxd7 Rxd7 31. Re3 Qd4 32. Qc4+ Kh7 33. Qxd4 Rxd4 34.
Rc4 Rd7 35. Kf2 Kg6 36. b4 cxb4 37. Rxb4 Kh5 38. Rc4 g5 39. Ke2 Bg2 40. Re5 Bd5
41. Rd4 Bf3+ 42. Ke3 Rxd4 43. Kxd4 Kg4 44. Ke3 Bc6 45. a5 gxf4+ 46. gxf4 h5 47.
axb6 axb6 48. Re6 Bh1 49. Rxb6 Kh3 50. Rh6 h4 51. d4 Be4 52. Rh8 Bh1 53. Rf8 Be4
54. d5 Kxh2 55. d6 Bc6 56. Rc8 Ba4 57. Rc4 Be8 58. Rc7 h3 59. d7 Bxd7 60. Rxd7
Kg2 61. Rg7+ Kf1 62. Rh7 h2 63. Rxh2 1-0